Código penal de España. (Record no. 153713)
[ view plain ]
| 000 -LEADER | |
|---|---|
| campo de control de longitud fija | 00955nam a22002055i 4500 |
| 001 - NÚMERO DE CONTROL | |
| campo de control | 153713 |
| 003 - IDENTIFICADOR DE NÚMERO DE CONTROL | |
| campo de control | ES-MaACL |
| 005 - FECHA Y HORA DE LA ÚLTIMA TRANSACCIÓN | |
| campo de control | 20250809035225.0 |
| 008 - DATOS DE LONGITUD FIJA--INFORMACIÓN GENERAL | |
| campo de control de longitud fija | 990115s1848 sp |||| | spa d |
| 080 ## - NÚMERO DE LA CLASIFICACIÓN DECIMAL UNIVERSAL | |
| Número de la Clasificación Decimal Universal | 343(460)"1848"(094.4) |
| 110 1# - ENTRADA PRINCIPAL--NOMBRE DE ENTIDAD CORPORATIVA | |
| Nombre de entidad corporativa o nombre de jurisdicción como elemento de entrada | España. |
| Título de la obra | Código penal, 1848. |
| 9 (RLIN) | 152618 |
| 245 10 - MENCIÓN DEL TÍTULO | |
| Título | Código penal de España. |
| 260 ## - PUBLICACIÓN, DISTRIBUCIÓN, ETC. | |
| Lugar de publicación, distribución, etc. | Madrid : |
| Nombre del editor, distribuidor, etc. | Imprenta Nacional, |
| Fecha de publicación, distribución, etc. | 1848. |
| 300 ## - DESCRIPCIÓN FÍSICA | |
| Extensión | 128, 15 p., [2] h. pleg. ; |
| Dimensiones | 23 cm. |
| 505 8# - NOTA DE CONTENIDO CON FORMATO | |
| Nota de contenido con formato | Contiene: Reales disposiciones referentes al Código penal expedidas después de su publicación (15 p.) -- Resumen de la historia cronológica del derecho antiguo y leyes generales de España (Tabla I) -- Resumen de la historia cronológica del nuevo derecho y leyes generales de España (Tabla II) |
| 610 14 - PUNTO DE ACCESO ADICIONAL DE MATERIA--NOMBRE DE ENTIDAD CORPORATIVA | |
| Nombre de entidad corporativa o nombre de jurisdicción como elemento de entrada | España. |
| Título de la obra | Código penal, 1848. |
| 9 (RLIN) | 152618 |
| 650 #4 - PUNTO DE ACCESO ADICIONAL DE MATERIA--TÉRMINO DE MATERIA | |
| Término de materia o nombre geográfico como elemento de entrada | Derecho penal- |
| Subdivisión geográfica | España |
| 9 (RLIN) | 11752 |
| 852 4# - LOCALIZACIÓN | |
| Ubicación | ES-MaACL |
| Número de control de estantería | R-379(2) |
| Nota libre | - Enc. hol. |
| Encuadernación | Olim: B-5998 |
| Estatus retirado | Estado de pérdida | Estado de daño | No para préstamo | Colección | Biblioteca de origen | Biblioteca actual | Ubicación en estantería | Fecha de adquisición | Fuente de adquisición | Total de préstamos | Signatura topográfica completa | Código de barras | Visto por última vez | Precio de reemplazo | Tipo de ítem Koha |
|---|---|---|---|---|---|---|---|---|---|---|---|---|---|---|---|
| Libros del s. XIX | Biblioteca del Ateneo de Madrid | Biblioteca del Ateneo de Madrid | Depósito | 17/01/2008 | R-379(2) | 1160698 | 23/02/2023 | 23/02/2023 | Libro impreso antiguo |
